| 000 | 00582nam a22001457a 4500 | ||
|---|---|---|---|
| 020 | _a0-00-724630-7 | ||
| 082 |
_a823 _bCOE/L |
||
| 100 | _aCOELHO, PAULO | ||
| 245 | _aLIKE THE FLOWING RIVER | ||
| 260 |
_aLONDON _bHARPER COLLINS _c2006 |
||
| 300 | _a232 | ||
| 520 | _a'Like the Flowing River' includes jewel-like fables, packed with meaning and retold in Coelho's inimitable style. Sharing his thoughts on spirituality, life and ethics, Paulo touches you with his philosophy and invites you to go on an exciting journey of your own. | ||
| 650 |
_aNOVEL _zUNITED KINGDOM |
||
| 942 | _cBK | ||
| 999 |
_c2938 _d2938 |
||